书目信息 |
| 题名: |
唐诗通论
|
|
| 作者: | 刘开扬 著 | |
| 分册: | ||
| 出版信息: | 成都 四川人民出版社 1981 |
|
| 页数: | 339页 | |
| 开本: | 21cm | |
| 丛书名: | ||
| 单 册: | ||
| 中图分类: | I207.22 , I207.2 | |
| 科图分类: | ||
| 主题词: | 唐诗-文学研究 , 文学研究-唐诗 | |
| 电子资源: | ||
| ISBN: | ||
| 000 | 00609nam0 2200241 450 | |
| 001 | 1572758684 | |
| 005 | 20150123201317.06 | |
| 010 | @dCNY1.16 | |
| 091 | @a10118.486 | |
| 100 | @a19950126d1981 em y0chiy0110 ea | |
| 101 | 0 | @achi |
| 102 | @aCN@b510000 | |
| 105 | @ay z 000zy | |
| 200 | 1 | @a唐诗通论@9tang shi tong lun@f刘开扬著 |
| 210 | @a成都@c四川人民出版社@d1981 | |
| 215 | @a339页@d21cm | |
| 606 | 0 | @a唐诗-文学研究 |
| 606 | 0 | @a文学研究-唐诗 |
| 690 | @aI207.22@v5 | |
| 690 | @aI207.2@v4 | |
| 701 | 0 | @a刘开扬@9liu kai yang@4著 |
| 801 | 0 | @aCN@bTSSF@c20150123 |
| 905 | @aZUCC@dI207.2@eJY101 | |
| 唐诗通论/刘开扬著.-成都:四川人民出版社,1981 |
| 339页;21cm |
| ISBN :CNY1.16 |
| ● |
| 相关链接 |
|
|
|
|
正题名:唐诗通论
索取号:I207.2/JY101
 
预约/预借
| 序号 | 登录号 | 条形码 | 馆藏地/架位号 | 状态 | 备注 |
| 1 | 7843714 | 278437149 | 学院路分馆/ [索取号:I207.2/JY101] | 在馆 | |
| 2 | 7843905 | 278439058 | 学院路分馆/ [索取号:I207.2/JY101] | 在馆 | |
| 3 | 7843906 | 278439067 | 学院路分馆/ [索取号:I207.2/JY101] | 在馆 | |
| 4 | 7843907 | 278439076 | 学院路分馆/ [索取号:I207.2/JY101] | 在馆 |